000 00806nam a2200205 i 4500
001 113187
003 ES-MaACL
005 20230906185805.0
007 t|
008 061121s1911 fr a |||| | fre d
100 1 _aNiewenglowski, B.
_9217367
245 1 0 _aCours de géométrie analytique
_b: áa l'usage des élèves de la classe de mathématiques spéciales des candidats aux Écoles du gouvernement et des candidats áa l'agrégation des sciences mathématiques /
_cB. Niewenglowski ; avec une note sur les transformations en géométrie par Emile Borel.
250 _a2ª ed.
260 _aParis :
_bGauthier,
_c1911.
300 _a3 v. :
_bil. ;
_c24 cm.
650 4 _aGeometría analítica.
_913100
700 1 _aBorel, Emile.
_930428
852 _aES-MaACL
_jF-1465-67
999 _c113187
_d113187